[Event "St Louis Fall B 2017"]
[Site "Saint Louis USA"]
[Date "2017.09.06"]
[Round "1.1"]
[White "Pichot, Alan"]
[Black "Friedel, Joshua E"]
[Result "1/2-1/2"]
[WhiteTitle "GM"]
[BlackTitle "GM"]
[WhiteElo "2565"]
[BlackElo "2547"]
[WhiteFideId "110973"]
[BlackFideId "2017199"]
[EventDate "2017.09.06"]

1. e4 e5 2. Nf3 Nc6 3. Bb5 Nf6 4. O-O Nxe4 5. Re1 Nd6 6. Nxe5 Be7 7. Bd3 Nxe5 8.
Rxe5 O-O 9. Nc3 c6 10. Re1 Re8 11. b3 Bf8 12. Ba3 Re6 13. Qf3 g6 14. Qf4 Be7 15.
Ne2 Ne8 16. Bb2 Bg5 17. Qg3 Bf6 18. Bxf6 Qxf6 19. Nf4 Rxe1+ 20. Rxe1 Ng7 21. Qe3
d6 22. c3 Bd7 23. Ne2 Ne6 24. Qg3 Nc5 25. Bc2 Re8 26. f3 Bf5 27. Nd4 Rxe1+ 28.
Qxe1 Bxc2 29. Nxc2 Ne6 30. Ne3 h5 31. d4 d5 32. h4 Qf4 33. Qf2 a5 34. g3 Qd6 35.
f4 Ng7 36. Qd2 Qe6 37. Qd3 Qh3 38. Nf1 Nf5 39. Qf3 Nxh4 40. Qe2 Nf5 41. Qe8+ Kg7
42. Qe5+ Kh7 43. Qc7 Nh6 44. Qxb7 Qe6 45. Qa6 Qe4 46. Qxc6 Ng4 47. Qc7 Kg7 48.
f5 Qxf5 49. Qf4 Qd3 50. Qd2 Qxd2 51. Nxd2 Kf6 52. a4 Ke6 53. b4 Ne3 54. Nb3 Nd1
55. bxa5 Kd6 56. a6 Kc7 57. c4 dxc4 58. Nc5 Kb6 59. d5 Nc3 60. d6 Ne2+ 61. Kf2
Nd4 62. Nd7+ Kxa6 63. Ne5 c3 64. d7 Ne6 65. Ke3 Nd8 66. Kd3 g5 67. Kxc3 h4 68.
gxh4 gxh4 69. Kd4 h3 70. Nf3 Kb6 71. Ke5 Kc7 72. Kf4 Kxd7 1/2-1/2

[Event "St Louis Fall B 2017"]
[Site "Saint Louis USA"]
[Date "2017.09.06"]
[Round "1.2"]
[White "Shabalov, Alexander"]
[Black "Prasanna, Raghuram Rao"]
[Result "1/2-1/2"]
[WhiteTitle "GM"]
[BlackTitle "IM"]
[WhiteElo "2563"]
[BlackElo "2464"]
[WhiteFideId "2008572"]
[BlackFideId "5022401"]
[EventDate "2017.09.06"]

1. e4 c5 2. Nf3 e6 3. d4 cxd4 4. Nxd4 Nc6 5. Nc3 Qc7 6. Be3 Nf6 7. Bd3 a6 8. O-O
Nxd4 9. Bxd4 Bc5 10. Bxc5 Qxc5 11. Kh1 b5 12. Qe2 Bb7 13. e5 b4 14. exf6 bxc3
15. fxg7 Rg8 16. b4 Rxg7 17. f3 Qc7 18. Rad1 Ke7 19. Be4 Rag8 20. Rf2 Rg5 21.
Bxb7 Qxb7 22. Qc4 Qc6 23. Qh4 Ke8 24. Qxh7 Qb6 25. Re2 Qxb4 26. Qd3 Qb5 27. Qd4
R8g6 28. Rde1 Qc5 29. Qd3 a5 30. Rd1 Qc7 31. f4 Rc5 32. f5 Rf6 33. fxe6 fxe6 34.
Re4 Rf7 35. h3 Qc6 36. Rde1 Rg5 37. Qe3 Rgf5 38. Qg3 Qc5 39. Kh2 Rg5 40. Re5
Rxe5 41. Rxe5 Qd4 42. Qg8+ Ke7 43. Qg5+ Kd6 44. Rxa5 Rf2 45. Ra6+ Kc7 46. Qa5+
Kb7 47. Qb5+ Kc7 48. Ra4 Qd6+ 49. Kg1 Rf5 50. Qc4+ Rc5 51. Qe2 Rd5 52. Qc4+ Rc5
53. Qe2 1/2-1/2

[Event "St Louis Fall B 2017"]
[Site "Saint Louis USA"]
[Date "2017.09.06"]
[Round "1.3"]
[White "Abrahamyan, Tatev"]
[Black "Ni, Shiqun"]
[Result "0-1"]
[WhiteTitle "WGM"]
[BlackTitle "WGM"]
[WhiteElo "2333"]
[BlackElo "2426"]
[WhiteFideId "13301918"]
[BlackFideId "8608466"]
[EventDate "2017.09.06"]

1. e4 e5 2. Nf3 Nf6 3. Nxe5 d6 4. Nf3 Nxe4 5. d4 d5 6. Bd3 Bf5 7. O-O Be7 8. Nc3
O-O 9. Re1 Nxc3 10. bxc3 Bxd3 11. Qxd3 Nc6 12. Re2 Na5 13. Bf4 Bf6 14. Rae1 Nc4
15. Be5 c6 16. Bxf6 Qxf6 17. Ne5 Nxe5 18. Rxe5 b5 19. Qg3 a5 20. h4 Qd6 21. h5
h6 22. Rg5 Qxg3 23. Rxg3 Rfe8 24. Kf1 Kf8 25. Rge3 Rxe3 26. Rxe3 Re8 27. Ke2
Rxe3+ 28. Kxe3 Ke7 29. g4 Ke6 30. f4 g6 31. hxg6 fxg6 32. a3 Kf7 33. Kf3 h5 34.
Kg3 hxg4 35. Kh4 Ke6 36. Kxg4 Kf6 37. Kg3 Kf5 38. Kf3 Ke6 39. Kg4 Kf6 40. Kg3
Kf5 41. Kf3 a4 42. Kg3 c5 43. dxc5 d4 44. c6 Ke6 45. Kg4 dxc3 46. Kg5 b4 47.
Kxg6 b3 48. f5+ Kd6 49. f6 bxc2 50. f7 c1=Q 51. f8=Q+ Kxc6 52. Qc8+ Kd6 53. Qa6+
Kd5 54. Qb5+ Kd4 55. Qxa4+ Kd3 56. Qb5+ Kc2 57. a4 Qb1 58. Kf7 Qb3+ 59. Ke7 Kb2
60. Qe5 Ka2 61. a5 c2 62. Qe1 Qa3+ 0-1

[Event "St Louis Fall B 2017"]
[Site "Saint Louis USA"]
[Date "2017.09.06"]
[Round "1.4"]
[White "Ramirez, Alejandro"]
[Black "Pavlidis, Antonios"]
[Result "1-0"]
[WhiteTitle "GM"]
[BlackTitle "GM"]
[WhiteElo "2563"]
[BlackElo "2536"]
[WhiteFideId "6500617"]
[BlackFideId "4212312"]
[EventDate "2017.09.06"]

1. e4 c5 2. Nf3 e6 3. d4 cxd4 4. Nxd4 Nc6 5. Nc3 Qc7 6. Be3 a6 7. Qd2 Nf6 8. f4
Bb4 9. Bd3 Na5 10. a3 Bxc3 11. Qxc3 Qxc3+ 12. bxc3 d5 13. exd5 Nxd5 14. Bd2 Nb6
15. Rb1 Nbc4 16. Rb4 e5 17. Bxc4 Nxc4 18. Rxc4 exd4 19. cxd4 O-O 20. d5 Bf5 21.
Ba5 Rac8 22. Rc7 Rxc7 23. Bxc7 Bxc2 24. Kd2 Be4 25. d6 Bc6 26. Rc1 Bd7 27. Kd3
Re8 28. Kd4 f6 29. Ba5 Kf7 30. Rc7 Ke6 31. Kc5 Rc8 32. Kb6 f5 33. Bb4 a5 34.
Kxa5 Rg8 35. Kb6 g5 36. Rc2 Bc6 37. Re2+ Be4 38. g4 Rg7 39. gxf5+ Kxf5 40. fxg5
Bc6 41. h4 Kg4 42. Rc2 1-0

[Event "St Louis Fall B 2017"]
[Site "Saint Louis USA"]
[Date "2017.09.06"]
[Round "1.5"]
[White "Arribas Lopez, Angel"]
[Black "Chandra, Akshat"]
[Result "1-0"]
[WhiteTitle "GM"]
[BlackTitle "GM"]
[WhiteElo "2505"]
[BlackElo "2481"]
[WhiteFideId "2283352"]
[BlackFideId "25006711"]
[EventDate "2017.09.06"]

1. e4 e6 2. Qe2 c5 3. g3 Nc6 4. Bg2 g6 5. d3 Bg7 6. c3 Nge7 7. h4 h5 8. Nh3 d6
9. Na3 Rb8 10. O-O b5 11. Bf4 O-O 12. Rad1 e5 13. Be3 Bg4 14. f3 Be6 15. Ng5
Bxa2 16. b4 Bb3 17. Rb1 cxb4 18. cxb4 f6 19. Rxb3 fxg5 20. hxg5 d5 21. Rbb1 Nd4
22. Qa2 Kh8 23. f4 dxe4 24. dxe4 Qd7 25. Kh2 a5 26. bxa5 b4 27. Nc4 Qe6 28. Bh3
Qc6 29. Bxd4 exd4 30. f5 b3 31. Qe2 Rfc8 32. fxg6 Qxg6 33. Bxc8 Rxc8 34. Rxb3
Rd8 35. a6 Qxa6 36. Qxh5+ Kg8 37. Qf7+ Kh7 38. Rb6 1-0

[Event "St Louis Fall B 2017"]
[Site "Saint Louis USA"]
[Date "2017.09.07"]
[Round "2.1"]
[White "Friedel, Joshua E"]
[Black "Chandra, Akshat"]
[Result "1/2-1/2"]
[WhiteTitle "GM"]
[BlackTitle "GM"]
[WhiteElo "2547"]
[BlackElo "2481"]
[WhiteFideId "2017199"]
[BlackFideId "25006711"]
[EventDate "2017.09.06"]

1. d4 d5 2. c4 e6 3. Nf3 Nf6 4. e3 b6 5. cxd5 exd5 6. Bb5+ c6 7. Bd3 Bd6 8. O-O
O-O 9. Nc3 Re8 10. Re1 Ne4 11. Ne5 Bxe5 12. dxe5 Nxc3 13. bxc3 Nd7 14. f4 Nc5
15. Bb2 Nxd3 16. Qxd3 Qd7 17. e4 dxe4 18. Qxe4 Qd5 19. Qxd5 cxd5 20. a4 Bf5 21.
a5 bxa5 22. Rxa5 Reb8 23. Ba3 Rb3 24. Bc5 Rxc3 25. Bxa7 Be4 26. Re2 h5 27. Kf2
Kh7 28. Bd4 Rxa5 29. Bxc3 Ra3 30. Bb2 Rb3 31. Bc1 Kg6 32. Ra2 Rc3 33. Bd2 Rc2
34. Rxc2 Bxc2 35. Ke3 Kf5 36. h3 Be4 37. g4+ hxg4 38. hxg4+ Kxg4 39. Bc3 1/2-1/2

[Event "St Louis Fall B 2017"]
[Site "Saint Louis USA"]
[Date "2017.09.07"]
[Round "2.2"]
[White "Pavlidis, Antonios"]
[Black "Arribas Lopez, Angel"]
[Result "1-0"]
[WhiteTitle "GM"]
[BlackTitle "GM"]
[WhiteElo "2536"]
[BlackElo "2505"]
[WhiteFideId "4212312"]
[BlackFideId "2283352"]
[EventDate "2017.09.06"]

1. e4 c5 2. Nf3 d6 3. d4 cxd4 4. Nxd4 Nf6 5. Nc3 g6 6. Be3 Bg7 7. f3 Nc6 8. Qd2
O-O 9. O-O-O d5 10. Qe1 e5 11. Nxc6 bxc6 12. exd5 cxd5 13. Bg5 Be6 14. Bc4 Qb6
15. Bxf6 Bxf6 16. Nxd5 Bxd5 17. Rxd5 e4 18. Rb5 Qc7 19. Qxe4 Rae8 20. Qd3 Qf4+
21. Kb1 Re3 22. g3 Rxd3 23. gxf4 Rxf3 24. f5 g5 25. a4 h5 26. Rd1 Rf4 27. Bb3
Rd4 28. Rxd4 Bxd4 29. c3 Be3 30. Bd1 Kg7 31. h3 Kh6 32. Re5 Bf4 33. Re7 Rd8 34.
Be2 f6 35. a5 g4 36. hxg4 h4 37. Rxa7 h3 38. Re7 h2 39. Bf3 Rd6 40. Re1 Kg5 41.
Kc2 Rd2+ 42. Kb3 Bg3 43. Ra1 Bf2 44. a6 Kf4 45. Bh1 Ba7 46. Re1 Kxg4 47. Re4+
Kxf5 48. Re7 Bg1 49. a7 Bxa7 50. Rxa7 Rd1 51. Bg2 Rd2 52. Bh1 Rd1 53. Bg2 Rd2
54. Bh3+ Kf4 55. Ra1 Kg3 56. Bc8 Rd8 57. Bf5 Rd5 58. Be4 Re5 59. Bh1 f5 60. Kc4
Kf2 61. b4 f4 62. b5 f3 63. b6 Kg3 64. b7 Re8 65. Kc5 1-0

[Event "St Louis Fall B 2017"]
[Site "Saint Louis USA"]
[Date "2017.09.07"]
[Round "2.3"]
[White "Ni, Shiqun"]
[Black "Ramirez, Alejandro"]
[Result "0-1"]
[WhiteTitle "WGM"]
[BlackTitle "GM"]
[WhiteElo "2426"]
[BlackElo "2563"]
[WhiteFideId "8608466"]
[BlackFideId "6500617"]
[EventDate "2017.09.06"]

1. e4 c5 2. Nf3 e6 3. c3 d5 4. exd5 Qxd5 5. d4 Nf6 6. Na3 Be7 7. Nb5 Na6 8. Be2
O-O 9. O-O cxd4 10. Qxd4 Bd7 11. Rd1 Qxd4 12. Nbxd4 Rfd8 13. b3 Nc5 14. c4 Be8
15. Bb2 a5 16. Nc2 Nfe4 17. Ne5 f6 18. Nd3 Nxd3 19. Bxd3 Bg6 20. Bxe4 Bxe4 21.
Nd4 e5 22. Ne6 Rxd1+ 23. Rxd1 Bc6 24. Nc7 Rd8 25. Nd5 Bxd5 26. cxd5 Kf7 27. Kf1
Bc5 28. Ke2 Ke7 29. f3 Kd6 30. Bc3 b6 31. Rd3 Re8 32. Kd1 e4 33. fxe4 Rxe4 34.
Rh3 Rg4 35. g3 h6 36. Rh5 Rg5 37. Rh4 Rf5 38. Rg4 g5 39. Be1 Kxd5 40. Rc4 Rf1
41. Ke2 Rh1 42. h4 b5 43. Rc2 Rh2+ 44. Kd3 Rxc2 45. Kxc2 Bb4 46. hxg5 fxg5 47.
Bf2 Ke4 48. Bb6 a4 0-1

[Event "St Louis Fall B 2017"]
[Site "Saint Louis USA"]
[Date "2017.09.07"]
[Round "2.4"]
[White "Prasanna, Raghuram Rao"]
[Black "Abrahamyan, Tatev"]
[Result "1-0"]
[WhiteTitle "IM"]
[BlackTitle "WGM"]
[WhiteElo "2464"]
[BlackElo "2333"]
[WhiteFideId "5022401"]
[BlackFideId "13301918"]
[EventDate "2017.09.06"]

1. d4 Nf6 2. Nf3 e6 3. Bg5 Be7 4. Nbd2 d5 5. e3 O-O 6. Bd3 b6 7. Ne5 Bb7 8. Qf3
Nbd7 9. Qh3 Ne4 10. Bxe7 Qxe7 11. Nxd7 Qxd7 12. f3 Nf6 13. g4 g6 14. c3 c5 15.
Qg3 a5 16. h4 Ba6 17. Bc2 cxd4 18. exd4 b5 19. Qf4 Qe7 20. h5 b4 21. cxb4 axb4
22. Kf2 Rac8 23. Rac1 Rc6 24. Ba4 Rxc1 25. Rxc1 Rc8 26. Rxc8+ Bxc8 27. Qb8 Qf8
28. Qe5 Bd7 29. Qxf6 Bxa4 30. Nf1 gxh5 31. gxh5 h6 32. Ne3 Qg7 33. Qf4 Kh7 34.
Qc7 Qf6 35. Kg3 Be8 36. Qf4 Qg7+ 37. Qg4 Qf6 38. Kf2 Bb5 39. Nc2 Qe7 40. Qf4 Bd3
41. Ne3 f5 42. Ng2 Bb5 43. Qe5 Be8 44. Nf4 Qh4+ 45. Kg2 Qg5+ 46. Kh3 Bf7 47. Kh2
Qh4+ 48. Kg2 Qg5+ 49. Kf2 Qh4+ 50. Ke3 Qe1+ 51. Ne2 Qb1 52. Qf6 Bxh5 53. Qe7+
Kh8 54. Qxe6 Kg7 55. Qe5+ Kh7 56. Qe7+ Kg8 57. Qxb4 Qxa2 58. Qb8+ Kh7 59. Qc7+
Kg8 60. Qc8+ Kg7 61. Qxf5 Qb3+ 62. Kf2 Bf7 63. Qe5+ Kh7 64. Qf6 Kg8 65. Qxh6
Qxb2 66. Qg5+ Kf8 67. Qe3 Qc2 68. Qc3 Qa2 69. Qc7 Qd2 70. Qd6+ Kg8 71. Qe5 Qc2
72. Kg3 Qd1 73. Nf4 Qg1+ 74. Ng2 Qf1 75. Qe3 Qb1 76. Nh4 Kf8 77. Qh6+ Ke8 78.
Qc6+ Kf8 79. Qd6+ Kg8 80. Qd8+ Kh7 81. Qf6 Qe1+ 82. Kh2 Qe2+ 83. Ng2 Kg8 84. Kg3
Qd3 85. Nf4 Qf1 86. Qd8+ Kh7 87. Qh4+ Kg8 88. Qh2 Qe1+ 89. Qf2 Qd1 90. Nh3 Qd3
91. Kh2 Kf8 92. Ng5 Bg6 93. Ne6+ Kf7 94. Nf4 Qf5 95. Qe3 Bh5 96. Kg3 Qg5+ 97.
Kf2 Qh4+ 98. Ke2 Qh2+ 99. Kd3 Kf8 100. Qe5 1-0

[Event "St Louis Fall B 2017"]
[Site "Saint Louis USA"]
[Date "2017.09.07"]
[Round "2.5"]
[White "Pichot, Alan"]
[Black "Shabalov, Alexander"]
[Result "1-0"]
[WhiteTitle "GM"]
[BlackTitle "GM"]
[WhiteElo "2565"]
[BlackElo "2563"]
[WhiteFideId "110973"]
[BlackFideId "2008572"]
[EventDate "2017.09.06"]

1. e4 c5 2. Nf3 d6 3. d4 cxd4 4. Nxd4 Nf6 5. Nc3 g6 6. Be3 a6 7. f3 b5 8. Qd2
Bb7 9. a4 b4 10. Na2 e5 11. Qxb4 Qc7 12. Nb3 d5 13. Qc3 Nc6 14. Bg5 d4 15. Qd2
Nd7 16. Bd3 h6 17. Bh4 a5 18. O-O Bg7 19. c3 O-O 20. Bf2 Rfd8 21. Rac1 Qd6 22.
cxd4 exd4 23. Bg3 Qe7 24. Bb5 Ndb8 25. Nc5 Bc8 26. Nd3 Qe6 27. b4 axb4 28. Naxb4
Nxb4 29. Qxb4 Bf8 30. Qd2 Ba6 31. Nf4 Qb3 32. Rb1 Qc3 33. Qxc3 dxc3 34. Nd5 c2
35. Rb2 Rc8 36. Rc1 Bc5+ 37. Kf1 Ba3 38. Rcxc2 Bxb2 39. Ne7+ Kg7 40. Nxc8 1-0

[Event "St Louis Fall B 2017"]
[Site "Saint Louis USA"]
[Date "2017.09.08"]
[Round "3.2"]
[White "Abrahamyan, Tatev"]
[Black "Pichot, Alan"]
[Result "0-1"]
[WhiteTitle "WGM"]
[BlackTitle "GM"]
[WhiteElo "2333"]
[BlackElo "2565"]
[WhiteFideId "13301918"]
[BlackFideId "110973"]
[EventDate "2017.09.06"]

1. e4 c5 2. Nf3 e6 3. d4 cxd4 4. Nxd4 Nc6 5. Nc3 Qc7 6. f4 a6 7. Nxc6 bxc6 8.
Bd3 d5 9. O-O Nf6 10. Qe2 Be7 11. Kh1 Bb7 12. f5 e5 13. Bd2 h5 14. Rae1 Bd6 15.
Rf3 Kf8 16. Bg5 Qb6 17. b3 Qa5 18. Bxf6 gxf6 19. Na4 Ke7 20. c4 Rag8 21. Rd1 Rg4
22. Qc2 Rhg8 23. Rf2 h4 24. c5 Bc7 25. a3 Bb8 26. b4 Qd8 27. h3 Rg3 28. Nc3 d4
29. Ne2 Re3 30. Ng1 Qf8 31. Nf3 Qg7 32. Nd2 Qg5 33. Nc4 Rg3 34. Na5 Ba8 35. Bxa6
Qe3 36. Bf1 Qxa3 37. Nc4 Qxb4 38. Nb6 Rc3 39. Qa2 Ra3 40. Qc2 Bc7 41. Rb1 Qc3
42. Nc4 Qxc2 43. Rxc2 Ra7 44. Rcb2 Ra4 45. Kg1 Rg3 46. Nb6 Ra5 47. Nc4 Ra7 48.
Nb6 Kd8 49. Bc4 Rc3 50. Rb3 Rc2 51. R3b2 Rxb2 52. Rxb2 Bxb6 53. cxb6 Rd7 54. Kf2
c5 55. Kf3 Bb7 56. Bd3 Ke7 57. Ra2 Rd6 58. Rb2 Rd8 59. Bc4 Rg8 60. Ra2 Rg3+ 61.
Kf2 Bxe4 62. Ra7+ Kd8 63. Rxf7 Rxg2+ 64. Kf1 Rc2 65. Be6 Rb2 66. Rf8+ Ke7 67.
Rf7+ Ke8 68. Rxf6 d3 69. Bc4 d2 70. Re6+ Kd7 0-1

[Event "St Louis Fall B 2017"]
[Site "Saint Louis USA"]
[Date "2017.09.08"]
[Round "3.3"]
[White "Ramirez, Alejandro"]
[Black "Prasanna, Raghuram Rao"]
[Result "1-0"]
[WhiteTitle "GM"]
[BlackTitle "IM"]
[WhiteElo "2563"]
[BlackElo "2464"]
[WhiteFideId "6500617"]
[BlackFideId "5022401"]
[EventDate "2017.09.06"]

1. c4 c5 2. b3 Nc6 3. g3 e5 4. Bg2 g6 5. Nc3 Bg7 6. e3 Nge7 7. Nge2 O-O 8. O-O
f5 9. Bb2 d6 10. Nd5 Be6 11. d3 Rb8 12. Qd2 a6 13. d4 cxd4 14. exd4 e4 15. Ndf4
Bf7 16. d5 Ne5 17. Nd4 Bh6 18. Qc3 Qd7 19. f3 exf3 20. Bxf3 Rfc8 21. Nde6 b5 22.
Rae1 bxc4 23. Rxe5 dxe5 24. Qxe5 c3 25. Bc1 g5 26. Nh5 Bxh5 27. Bxh5 Ng6 28.
Qxf5 Qe8 29. d6 Rb7 30. Qd5 Rf7 31. Nc7 Qf8 32. Bg4 1-0

[Event "St Louis Fall B 2017"]
[Site "Saint Louis USA"]
[Date "2017.09.08"]
[Round "3.4"]
[White "Arribas Lopez, Angel"]
[Black "Ni, Shiqun"]
[Result "0-1"]
[WhiteTitle "GM"]
[BlackTitle "WGM"]
[WhiteElo "2505"]
[BlackElo "2426"]
[WhiteFideId "2283352"]
[BlackFideId "8608466"]
[EventDate "2017.09.06"]

1. Nf3 d5 2. e3 Nf6 3. b3 Bf5 4. Bb2 e6 5. Nh4 Bg4 6. f3 Bh5 7. g3 Nbd7 8. Be2
Bd6 9. d3 c6 10. Ng2 Bg6 11. g4 h6 12. f4 Qe7 13. Nd2 O-O-O 14. a3 Ne8 15. b4 f5
16. h3 e5 17. Nf3 exf4 18. Nxf4 Bh7 19. Qd2 fxg4 20. hxg4 Nef6 21. b5 cxb5 22.
Nd4 a6 23. Nfe6 Rde8 24. O-O-O Kb8 25. Kb1 Nc5 26. g5 hxg5 27. Nxg5 Bg6 28. Rhg1
Na4 29. Nge6 Bxa3 30. Ba1 Rh6 31. Rdf1 Bb4 32. c3 Bc5 33. Rg3 Bxd4 34. Nxd4 Nc5
35. Ka2 Ne6 36. Rfg1 Nxd4 37. cxd4 Bh5 38. Bf1 g5 39. Bc3 Rh7 40. Bb4 Qe6 41.
Rxg5 Qxe3 42. Bd6+ Ka8 43. Qxe3 Rxe3 44. Rh1 Bg6 45. Rxh7 Bxh7 46. Re5 Ng4 47.
Rg5 Rf3 48. Rxg4 Rxf1 49. Kb3 Rf7 50. Bc5 Kb8 51. Kb4 Kc7 52. Ka5 Bxd3 53. Rg8
Bf5 54. Rf8 Rxf8 55. Bxf8 Kc6 56. Be7 Bc8 57. Bd8 b4 58. Kxb4 b6 59. Bh4 a5+ 60.
Ka4 Bg4 61. Be1 Bd1+ 62. Ka3 Kb5 63. Bd2 Ka6 64. Be1 b5 65. Bh4 b4+ 66. Ka2 Kb5
67. Bd8 a4 68. Be7 a3 0-1

[Event "St Louis Fall B 2017"]
[Site "Saint Louis USA"]
[Date "2017.09.08"]
[Round "3.5"]
[White "Chandra, Akshat"]
[Black "Pavlidis, Antonios"]
[Result "1/2-1/2"]
[WhiteTitle "GM"]
[BlackTitle "GM"]
[WhiteElo "2481"]
[BlackElo "2536"]
[WhiteFideId "25006711"]
[BlackFideId "4212312"]
[EventDate "2017.09.06"]

1. d4 Nf6 2. c4 g6 3. g3 Bg7 4. Bg2 O-O 5. Nc3 Nc6 6. e3 e5 7. Nge2 exd4 8. exd4
d6 9. O-O Ne7 10. b3 Re8 11. Ba3 Nf5 12. Qc2 c6 13. Rad1 Bd7 14. h3 h5 15. Kh2
Nh6 16. Ng1 Bf5 17. Qc1 Ne4 18. Nxe4 Bxe4 19. d5 c5 20. Bb2 Bxg2 21. Kxg2 Nf5
22. Rfe1 Nd4 23. Rxe8+ Qxe8 24. Re1 Qd7 25. Ne2 Nxe2 26. Rxe2 Re8 27. Bxg7 Kxg7
28. Qc3+ f6 29. Rxe8 Qxe8 30. Qa5 Qe4+ 31. Kg1 Qb1+ 32. Kg2 Qe4+ 33. Kg1 Qb1+
34. Kg2 1/2-1/2

[Event "St Louis Fall B 2017"]
[Site "Saint Louis USA"]
[Date "2017.09.09"]
[Round "4.1"]
[White "Friedel, Joshua E"]
[Black "Pavlidis, Antonios"]
[Result "1/2-1/2"]
[WhiteTitle "GM"]
[BlackTitle "GM"]
[WhiteElo "2547"]
[BlackElo "2536"]
[WhiteFideId "2017199"]
[BlackFideId "4212312"]
[EventDate "2017.09.06"]

1. d4 Nf6 2. c4 g6 3. g3 Bg7 4. Bg2 d5 5. cxd5 Nxd5 6. Nf3 O-O 7. O-O Nc6 8. Nc3
e5 9. Bg5 Nxc3 10. bxc3 f6 11. Qb3+ Kh8 12. Be3 e4 13. Nd2 f5 14. f3 exf3 15.
Nxf3 Na5 16. Qa4 Qe8 17. Qxe8 Rxe8 18. Bf4 b6 19. Bxc7 Bb7 20. Be5 Rac8 21. Rac1
Bxf3 22. Bxg7+ Kxg7 23. Bxf3 Re3 24. g4 fxg4 25. Bxg4 Rcxc3 26. Bf3 Nc4 27. Bd5
Nd6 28. Rxc3 Rxc3 29. Rd1 Nf5 30. Rd2 Re3 31. Bf3 Kf6 32. Kf2 h5 33. a4 Ke6 34.
d5+ Kd7 35. a5 b5 36. Rb2 a6 37. Rc2 Nd4 38. Kxe3 Nxc2+ 39. Kf4 Nd4 40. Be4 Kd6
41. Bxg6 Nxe2+ 42. Ke3 Nc3 43. Bxh5 Nxd5+ 44. Kd4 Ne7 45. Bg4 Nc6+ 46. Kc3 Nxa5
47. Bc8 1/2-1/2

[Event "St Louis Fall B 2017"]
[Site "Saint Louis USA"]
[Date "2017.09.09"]
[Round "4.2"]
[White "Ni, Shiqun"]
[Black "Chandra, Akshat"]
[Result "1/2-1/2"]
[WhiteTitle "WGM"]
[BlackTitle "GM"]
[WhiteElo "2426"]
[BlackElo "2481"]
[WhiteFideId "8608466"]
[BlackFideId "25006711"]
[EventDate "2017.09.06"]

1. e4 e6 2. d4 d5 3. Nd2 Be7 4. e5 c5 5. c3 cxd4 6. cxd4 Qb6 7. Ndf3 Bb4+ 8. Bd2
Nc6 9. Rc1 Bd7 10. Bxb4 Qxb4+ 11. Qd2 Nge7 12. Bd3 O-O 13. Ne2 Rac8 14. Qxb4
Nxb4 15. Bb1 f6 16. Rxc8 Rxc8 17. Kd2 Nbc6 18. Rc1 Rf8 19. Ke3 Be8 20. Nf4 fxe5
21. Nxe6 Rf6 22. Nc7 exd4+ 23. Nxd4 Nxd4 24. Kxd4 Bc6 25. f3 Kf7 26. Bd3 h5 27.
b4 Rf4+ 28. Kc3 h4 29. h3 Rf6 30. Kd4 Rf4+ 31. Kc3 Rf6 32. Kd4 Rf4+ 33. Kc3 1/2-1/2

[Event "St Louis Fall B 2017"]
[Site "Saint Louis USA"]
[Date "2017.09.09"]
[Round "4.3"]
[White "Prasanna, Raghuram Rao"]
[Black "Arribas Lopez, Angel"]
[Result "1/2-1/2"]
[WhiteTitle "IM"]
[BlackTitle "GM"]
[WhiteElo "2464"]
[BlackElo "2505"]
[WhiteFideId "5022401"]
[BlackFideId "2283352"]
[EventDate "2017.09.06"]

1. e4 c5 2. Nf3 d6 3. d4 cxd4 4. Nxd4 Nf6 5. Nc3 g6 6. Be3 Bg7 7. f3 O-O 8. Qd2
Nc6 9. Bc4 Bd7 10. O-O-O Rc8 11. Bb3 Ne5 12. Kb1 Re8 13. h4 h5 14. Bh6 Nc4 15.
Bxc4 Rxc4 16. Bxg7 Kxg7 17. g4 hxg4 18. h5 Rh8 19. hxg6 fxg6 20. f4 e5 21. Nde2
Rxh1 22. Rxh1 Nxe4 23. Nxe4 Rxe4 24. fxe5 Qe8 25. e6 Bxe6 26. Qh6+ Kf7 27. Qh7+
Kf6 28. Qh4+ Kg7 29. Qh6+ Kf7 30. Qh7+ Kf6 1/2-1/2

[Event "St Louis Fall B 2017"]
[Site "Saint Louis USA"]
[Date "2017.09.09"]
[Round "4.4"]
[White "Pichot, Alan"]
[Black "Ramirez, Alejandro"]
[Result "1/2-1/2"]
[WhiteTitle "GM"]
[BlackTitle "GM"]
[WhiteElo "2565"]
[BlackElo "2563"]
[WhiteFideId "110973"]
[BlackFideId "6500617"]
[EventDate "2017.09.06"]

1. e4 c5 2. Nf3 e6 3. d4 cxd4 4. Nxd4 Nc6 5. Nc3 Qc7 6. Be3 a6 7. Qf3 d6 8. Nxc6
bxc6 9. Qg3 Nf6 10. Be2 Rb8 11. b3 Be7 12. O-O O-O 13. f4 d5 14. Bd4 Rb4 15. Be5
Qa7+ 16. Kh1 g6 17. f5 Nxe4 18. Nxe4 Rxe4 19. f6 Bc5 20. Bd3 Bf2 21. Rxf2 Rxe5
22. Qxe5 Qxf2 23. Rf1 Qh4 24. Qd6 Qd4 25. Qxc6 e5 26. Bxa6 Bf5 27. a4 Qd2 28.
Qd6 Be4 29. Rg1 Bxg2+ 30. Rxg2 Qd1+ 1/2-1/2

[Event "St Louis Fall B 2017"]
[Site "Saint Louis USA"]
[Date "2017.09.09"]
[Round "4.5"]
[White "Shabalov, Alexander"]
[Black "Abrahamyan, Tatev"]
[Result "0-1"]
[WhiteTitle "GM"]
[BlackTitle "WGM"]
[WhiteElo "2563"]
[BlackElo "2333"]
[WhiteFideId "2008572"]
[BlackFideId "13301918"]
[EventDate "2017.09.06"]

1. d4 Nf6 2. c4 e6 3. Nf3 b6 4. a3 Ba6 5. Qb3 c5 6. d5 exd5 7. cxd5 g6 8. Qe3+
Qe7 9. Qxe7+ Kxe7 10. Nc3 d6 11. Bf4 Nbd7 12. h3 Bg7 13. O-O-O Rhd8 14. e4 Bxf1
15. Rhxf1 Ne8 16. Kc2 Rab8 17. a4 a6 18. Rde1 b5 19. e5 dxe5 20. Nxe5 Nxe5 21.
Bxe5 Bxe5 22. Rxe5+ Kf8 23. axb5 axb5 24. Ra1 b4 25. Ne4 b3+ 26. Kc3 f6 27. Re6
Nc7 28. Rxf6+ Kg8 29. Kd3 Rb4 30. Nxc5 Rxd5+ 31. Kc3 Rdd4 0-1

[Event "St Louis Fall B 2017"]
[Site "Saint Louis USA"]
[Date "2017.09.10"]
[Round "5.1"]
[White "Abrahamyan, Tatev"]
[Black "Friedel, Joshua E"]
[Result "0-1"]
[WhiteTitle "WGM"]
[BlackTitle "GM"]
[WhiteElo "2333"]
[BlackElo "2547"]
[WhiteFideId "13301918"]
[BlackFideId "2017199"]
[EventDate "2017.09.06"]

1. e4 e5 2. Nf3 Nc6 3. Bb5 a6 4. Ba4 Nf6 5. O-O Be7 6. d3 b5 7. Bb3 d6 8. c3 O-O
9. Nbd2 Na5 10. Bc2 c5 11. Re1 Nc6 12. Nf1 Be6 13. Ng3 h6 14. h3 Re8 15. Be3 d5
16. d4 exd4 17. cxd4 dxe4 18. Nxe4 c4 19. Ne5 Nb4 20. Bb1 Nxe4 21. Bxe4 Rc8 22.
Qh5 Nd5 23. Ng4 Bxg4 24. Qxd5 Qxd5 25. Bxd5 Bd7 26. Bd2 Bd6 27. Ba5 Kf8 28. a3
Rxe1+ 29. Rxe1 Bc6 30. Bxc6 Rxc6 31. g3 Rc8 32. Kg2 Re8 33. Re3 f5 34. g4 g6 35.
gxf5 gxf5 36. Kf3 Kf7 37. Bc3 Rc8 38. d5 Rc5 39. Re6 Rxd5 40. Rxh6 Rd3+ 41. Ke2
f4 42. h4 f3+ 43. Ke1 Bxa3 44. Rxa6 Be7 45. Ra7 Ke6 46. Rb7 Rd5 47. Rb6+ Kf7 48.
Rb7 Ke8 49. Rb8+ Kd7 50. Rb7+ Kd8 51. Ba5+ Ke8 52. Rb8+ Kf7 53. Rb7 Ke6 54. Rb6+
Kf5 55. h5 Bd8 56. Ra6 Bxa5+ 57. Rxa5 Kg5 58. Ra3 Re5+ 59. Kd1 Rf5 60. b3 Kxh5
61. bxc4 bxc4 62. Rc3 Kg4 63. Rxc4+ Kh3 64. Kd2 Re5 65. Kd3 Kg2 66. Rc2 Kf1 0-1